[Event "Novorossiysk Small Land Blitz op"]
[Site "Novorossiysk"]
[Date "2023.07.29"]
[Round "11"]
[White "Khlebovich, Alexander"]
[Black "Kurbatov, Andrei"]
[Result "1-0"]
[WhiteElo "2437"]
[BlackElo "1965"]
[PlyCount "67"]
[EventDate "2023.07.29"]
[EventType "swiss (blitz)"]
[EventRounds "13"]
[EventCountry "RUS"]
[SourceTitle "CBM 215 Extra"]
[Source "ChessBase"]
[SourceDate "2023.09.30"]
[SourceVersion "1"]
[SourceVersionDate "2023.09.30"]
[SourceQuality "1"]

1. d4 d5 2. c4 e6 3. Nf3 Nf6 4. g3 Be7 5. Bg2 0-0 6. 0-0 c6 7. Qc2 Nbd7 8. Nbd2 b6 9. e4 dxc4 10. Nxc4 Bb7 11. Rd1 Rc8 12. Nfe5 Qc7 13. Bf4 Nh5 14. Nxd7 Nxf4 15. Nxf8 Nxg2 16. Nxe6 fxe6 17. Kxg2 Rf8 18. Ne3 c5 19. d5 Qe5 20. f4 Qh5 21. Qf2 Bf6 22. Qf3 Qxf3+ 23. Kxf3 Bxb2 24. Rab1 Bd4 25. dxe6 Bc8 26. Nf5 Bxe6 27. Nxd4 cxd4 28. Rxd4 Rc8 29. Rbd1 Kf7 30. f5 Bxa2 31. Rd7+ Kf6 32. Kf4 g5+ 33. fxg6 Kxg6 34. R1d6+ 1-0

[Event "Novorossiysk Small Land Blitz op"]
[Site "Novorossiysk"]
[Date "2023.07.29"]
[Round "9"]
[White "Khlebovich, Alexander"]
[Black "Muromtsev, Arthur"]
[Result "0-1"]
[WhiteElo "2437"]
[BlackElo "2019"]
[PlyCount "30"]
[EventDate "2023.07.29"]
[EventType "swiss (blitz)"]
[EventRounds "13"]
[EventCountry "RUS"]
[SourceTitle "CBM 215 Extra"]
[Source "ChessBase"]
[SourceDate "2023.09.30"]
[SourceVersion "1"]
[SourceVersionDate "2023.09.30"]
[SourceQuality "1"]

1. d4 Nf6 2. c4 c5 3. d5 g6 4. Nc3 Bg7 5. Nf3 0-0 6. Bf4 d6 7. e3 Nh5 8. Bg3 a6 9. Qd2 b5 10. cxb5 axb5 11. Bxb5 Qa5 12. Be2 Ba6 13. Nd1 Bxe2 14. Qxa5 Rxa5 15. Kxe2 Nxg3+ 0-1

[Event "Novorossiysk Small Land Blitz op"]
[Site "Novorossiysk"]
[Date "2023.07.29"]
[Round "12"]
[White "Zhugin, Nikolay"]
[Black "Khlebovich, Alexander"]
[Result "0-1"]
[WhiteElo "2030"]
[BlackElo "2437"]
[PlyCount "88"]
[EventDate "2023.07.29"]
[EventType "swiss (blitz)"]
[EventRounds "13"]
[EventCountry "RUS"]
[SourceTitle "CBM 215 Extra"]
[Source "ChessBase"]
[SourceDate "2023.09.30"]
[SourceVersion "1"]
[SourceVersionDate "2023.09.30"]
[SourceQuality "1"]

1. c4 c5 2. Nc3 Nc6 3. g3 g6 4. Bg2 Bg7 5. d3 Nf6 6. e4 d6 7. Nge2 0-0 8. 0-0 a6 9. a4 Ne8 10. Be3 Nc7 11. d4 cxd4 12. Nxd4 Ne6 13. Nde2 Bd7 14. Rc1 Rc8 15. b3 Nc5 16. Qc2 Nb4 17. Qb1 Ncd3 18. Rcd1 Ne5 19. Nd5 Nxd5 20. exd5 b5 21. cxb5 axb5 22. axb5 Bxb5 23. Rfe1 Ng4 24. Nd4 Nxe3 25. Rxe3 Bxd4 26. Rxd4 Rc7 27. h4 Bd7 28. h5 Qc8 29. Qe4 Bf5 30. Qh4 Qd8 31. Qg5 e5 32. Qxd8 Rxd8 33. Rb4 gxh5 34. Rf3 Bg6 35. Rf6 Kg7 36. Rf3 f5 37. Rb6 e4 38. Re3 Kf6 39. f3 Rc1+ 40. Kh2 Rc2 41. Kh3 f4 42. gxf4 Bf5+ 43. Kh2 Rg8 44. Rxd6+ Kf7 0-1

[Event "Titled Tuesday intern op 20th Sep Late"]
[Site "Chess.com INT"]
[Date "2022.09.20"]
[Round "6"]
[White "Adewumi, Tanitoluwa"]
[Black "Khlebovich, Alexander"]
[Result "0-1"]
[WhiteElo "2269"]
[BlackElo "2446"]
[PlyCount "96"]
[EventDate "2022.09.20"]
[EventType "swiss (blitz)"]
[EventRounds "11"]
[EventCountry "USA"]
[SourceTitle "EXT 2023"]
[Source "ChessBase"]
[SourceDate "2022.10.05"]
[SourceVersion "1"]
[SourceVersionDate "2022.10.05"]
[SourceQuality "1"]

1. e4 c5 2. Nf3 d6 3. Bb5+ Bd7 4. Bxd7+ Nxd7 5. 0-0 Ngf6 6. Qe2 e6 7. c3 Be7 8. d4 0-0 9. e5 dxe5 10. dxe5 Nd5 11. c4 Nb4 12. Nc3 Qc7 13. Bf4 a6 14. a3 Nc6 15. Nd5 exd5 16. cxd5 Ncxe5 17. Nxe5 Nxe5 18. Qxe5 Qxe5 19. Bxe5 Rad8 20. Rfd1 Bd6 21. Bxd6 Rxd6 22. Rac1 b6 23. b4 cxb4 24. axb4 Rfd8 25. Rd2 g5 26. Rcd1 Kg7 27. f3 Kf6 28. Kf2 Rc8 29. Ke3 Ke5 30. Rd4 Rc3+ 31. Ke2 Rc2+ 32. R1d2 Rxd2+ 33. Rxd2 Rxd5 34. Ra2 a5 35. bxa5 bxa5 36. Ra4 Kd6 37. Rc4 Rc5 38. Rd4+ Kc6 39. Rd8 a4 40. Ra8 Kb5 41. Ke3 Kb4 42. g3 a3 43. Kd4 Rb5 44. h4 Kb3 45. hxg5 a2 46. f4 Rb4+ 47. Ke5 Ra4 48. Rb8+ Ka3 0-1

[Event "Titled Tuesday intern op 20th Sep Late"]
[Site "Chess.com INT"]
[Date "2022.09.20"]
[Round "1"]
[White "Khlebovich, Alexander"]
[Black "Ozates, Tuna"]
[Result "1-0"]
[WhiteElo "2446"]
[BlackElo "2251"]
[PlyCount "93"]
[EventDate "2022.09.20"]
[EventType "swiss (blitz)"]
[EventRounds "11"]
[EventCountry "USA"]
[SourceTitle "EXT 2023"]
[Source "ChessBase"]
[SourceDate "2022.10.05"]
[SourceVersion "1"]
[SourceVersionDate "2022.10.05"]
[SourceQuality "1"]

1. d4 d5 2. c4 c6 3. Nf3 Nf6 4. e3 Bf5 5. Bd3 Bxd3 6. Qxd3 e6 7. 0-0 Be7 8. Nbd2 0-0 9. e4 dxe4 10. Nxe4 Nxe4 11. Qxe4 Nd7 12. Bf4 Nf6 13. Qe2 Qa5 14. Rfd1 Rfd8 15. Rd3 Qf5 16. Be5 c5 17. Rad1 cxd4 18. Nxd4 Qg4 19. Qxg4 Nxg4 20. Bg3 Bf6 21. b3 Ne5 22. R3d2 h5 23. Nb5 Rxd2 24. Rxd2 a6 25. Nd6 Rd8 26. Bf4 g5 27. Ne4 Rxd2 28. Bxd2 Bg7 29. Bxg5 Nc6 30. Nc5 b5 31. Nxa6 bxc4 32. bxc4 Kf8 33. Be3 Ke8 34. Nc7+ Kd7 35. Nb5 Ne5 36. Bd4 Kc6 37. Kf1 Nxc4 38. Na7+ Kb7 39. Bxg7 Kxa7 40. Ke2 Kb6 41. Kf3 Kc5 42. Kf4 Kd5 43. Kg5 e5 44. Kxh5 f5 45. Kg5 f4 46. h4 Nd2 47. f3 1-0

[Event "Titled Tuesday intern op 20th Sep Late"]
[Site "Chess.com INT"]
[Date "2022.09.20"]
[Round "3"]
[White "Khlebovich, Alexander"]
[Black "Urbina Perez, Juan Antonio"]
[Result "1-0"]
[WhiteElo "2446"]
[BlackElo "2274"]
[PlyCount "73"]
[EventDate "2022.09.20"]
[EventType "swiss (blitz)"]
[EventRounds "11"]
[EventCountry "USA"]
[SourceTitle "EXT 2023"]
[Source "ChessBase"]
[SourceDate "2022.10.05"]
[SourceVersion "1"]
[SourceVersionDate "2022.10.05"]
[SourceQuality "1"]

1. d4 e6 2. c4 f5 3. g3 Nf6 4. Bg2 c6 5. Nf3 d5 6. 0-0 Bd6 7. Qc2 0-0 8. Nc3 Ne4 9. Rb1 a5 10. a3 Nd7 11. b4 axb4 12. axb4 Ndf6 13. b5 Nxc3 14. Qxc3 Ne4 15. Qc2 Bd7 16. c5 Bc7 17. b6 Bb8 18. Bf4 Bxf4 19. gxf4 g5 20. fxg5 Nxg5 21. Ne5 Be8 22. Ra1 Rb8 23. Ra3 Kh8 24. f4 Nf7 25. Rg3 Nxe5 26. fxe5 Qe7 27. Qd2 Rg8 28. Rff3 Bh5 29. Rxg8+ Rxg8 30. Rg3 Rxg3 31. hxg3 Bg4 32. Kf2 Qf7 33. Qg5 Qf8 34. e3 Qf7 35. Bf1 Qh5 36. Qxh5 Bxh5 37. Ba6 1-0

[Event "Titled Tuesday intern op 20th Sep Late"]
[Site "Chess.com INT"]
[Date "2022.09.20"]
[Round "7"]
[White "Lenderman, Aleksandr"]
[Black "Khlebovich, Alexander"]
[Result "1-0"]
[WhiteElo "2535"]
[BlackElo "2446"]
[PlyCount "176"]
[EventDate "2022.09.20"]
[EventType "swiss (blitz)"]
[EventRounds "11"]
[EventCountry "USA"]
[SourceTitle "EXT 2023"]
[Source "ChessBase"]
[SourceDate "2022.10.05"]
[SourceVersion "1"]
[SourceVersionDate "2022.10.05"]
[SourceQuality "1"]

1. e4 c5 2. d4 cxd4 3. c3 Nf6 4. e5 Nd5 5. Nf3 Nc6 6. cxd4 d6 7. Bc4 Nb6 8. Bb5 dxe5 9. Nxe5 Bd7 10. Nc3 Nxe5 11. dxe5 Bxb5 12. Nxb5 Qxd1+ 13. Kxd1 0-0-0+ 14. Ke2 Rd5 15. a4 Rxe5+ 16. Be3 Nd5 17. Nxa7+ Kb8 18. Nb5 Nxe3 19. fxe3 e6 20. Rhd1 Bc5 21. Rd3 Rc8 22. Rc1 Be7 23. Rcd1 Rc2+ 24. R1d2 Rxd2+ 25. Rxd2 Kc8 26. Kf3 Bc5 27. e4 f5 28. exf5 Rxf5+ 29. Ke4 Rg5 30. Rc2 Kd7 31. h4 Rd5 32. Rc4 Bb6 33. b4 Rd2 34. a5 Bd8 35. Rd4+ Rxd4+ 36. Nxd4 Bxh4 37. Nb3 Be7 38. b5 Bb4 39. Kd4 Kd6 40. Kc4 Be1 41. Nc5 Kc7 42. Nxe6+ Kb8 43. a6 bxa6 44. bxa6 Ka7 45. Kb5 Bc3 46. Nd8 g5 47. Nc6+ Ka8 48. Kc4 Bd2 49. Kd3 Bc1 50. Ke4 h5 51. Kf5 Bd2 52. Kg6 h4 53. Kf5 Bc1 54. Kg4 Bd2 55. Nd4 Ka7 56. Nf3 Bc1 57. Nxg5 Kxa6 58. Kxh4 Kb6 59. Kg4 Kc6 60. Kf5 Kd7 61. Kf6 Ke8 62. Ne6 Bb2+ 63. Kg6 Ke7 64. Nf4 Kf8 65. Kh6 Bc1 66. Kg5 Kf7 67. Kf5 Bb2 68. Ne6 Bc1 69. Ng5+ Kg7 70. Nf3 Kf7 71. Ne5+ Kg7 72. Ng4 Bd2 73. Nf6 Bc1 74. Nh5+ Kf7 75. Nf4 Kg7 76. g3 Kf7 77. Nh3 Kg7 78. Ng5 Bd2 79. Ne6+ Kf7 80. Nc5 Bc1 81. Ne4 Kg7 82. Nf2 Be3 83. Nd3 Bd2 84. Ne5 Be1 85. g4 Bd2 86. Nf3 Bc1 87. Ke6 Kg6 88. Ke5 Bd2 1-0

[Event "Titled Tuesday intern op 20th Sep Late"]
[Site "Chess.com INT"]
[Date "2022.09.20"]
[Round "4"]
[White "Winterberg, Lukas"]
[Black "Khlebovich, Alexander"]
[Result "0-1"]
[WhiteElo "2394"]
[BlackElo "2446"]
[PlyCount "98"]
[EventDate "2022.09.20"]
[EventType "swiss (blitz)"]
[EventRounds "11"]
[EventCountry "USA"]
[SourceTitle "EXT 2023"]
[Source "ChessBase"]
[SourceDate "2022.10.05"]
[SourceVersion "1"]
[SourceVersionDate "2022.10.05"]
[SourceQuality "1"]

1. d4 Nf6 2. Nf3 g6 3. c4 Bg7 4. Nc3 d5 5. cxd5 Nxd5 6. e4 Nxc3 7. bxc3 c5 8. Bb5+ Nc6 9. Rb1 0-0 10. d5 Ne5 11. Be2 a6 12. 0-0 b5 13. Nxe5 Bxe5 14. Be3 c4 15. Bd4 Qc7 16. g3 e6 17. f4 Bxd4+ 18. Qxd4 exd5 19. exd5 Bf5 20. Rbd1 Qd6 21. g4 Bd7 22. Bf3 Rae8 23. Rfe1 f6 24. Kg2 Rxe1 25. Rxe1 Re8 26. Rxe8+ Bxe8 27. g5 fxg5 28. fxg5 Bd7 29. h4 Bf5 30. Qa7 Qf4 31. Qa8+ Kf7 32. Qb7+ Ke8 33. Qa8+ Kd7 34. Qc6+ Ke7 35. Qf6+ Kd7 36. Qg7+ Kd6 37. Qf8+ Kc7 38. Qe7+ Bd7 39. Qc5+ Kd8 40. d6 Qd2+ 41. Kg3 Qxc3 42. Qc7+ Ke8 43. Qb8+ Kf7 44. Kg2 Qd2+ 45. Kg3 Qd3 46. Qc7 Ke6 47. Kf4 Qxd6+ 48. Qxd6+ Kxd6 49. Ke4 Bc6+ 0-1

[Event "Titled Tuesday intern op 06th Sep Late"]
[Site "Chess.com INT"]
[Date "2022.09.06"]
[Round "4"]
[White "Carbone, Diego"]
[Black "Khlebovich, Alexander"]
[Result "0-1"]
[WhiteElo "2314"]
[BlackElo "2446"]
[PlyCount "66"]
[EventDate "2022.09.06"]
[EventType "swiss (blitz)"]
[EventRounds "11"]
[EventCountry "USA"]
[SourceTitle "EXT 2023"]
[Source "ChessBase"]
[SourceDate "2022.10.05"]
[SourceVersion "1"]
[SourceVersionDate "2022.10.05"]
[SourceQuality "1"]

1. d4 Nf6 2. c4 g6 3. g3 Bg7 4. Bg2 d5 5. cxd5 Nxd5 6. Nf3 0-0 7. 0-0 c5 8. e4 Nf6 9. e5 Nd5 10. dxc5 Nc6 11. Re1 Bg4 12. h3 Bxf3 13. Bxf3 Ndb4 14. Bxc6 bxc6 15. Qe2 Qd5 16. Nc3 Qxc5 17. a3 Nd5 18. Nxd5 cxd5 19. Bf4 e6 20. Rac1 Qb6 21. h4 Rab8 22. Rc2 Rfc8 23. Rec1 Rxc2 24. Rxc2 h5 25. b4 a5 26. Rb2 Bf8 27. b5 Bxa3 28. Rb3 Bb4 29. Bd2 Qxb5 30. Qe3 Qc4 31. Bxb4 axb4 32. Kh2 d4 33. Qd3 Qxd3 0-1

[Event "Titled Tuesday intern op 06th Sep Late"]
[Site "Chess.com INT"]
[Date "2022.09.06"]
[Round "1"]
[White "Khlebovich, Alexander"]
[Black "Veiga, Jose Francisco RP"]
[Result "0-1"]
[WhiteElo "2446"]
[BlackElo "2389"]
[PlyCount "80"]
[EventDate "2022.09.06"]
[EventType "swiss (blitz)"]
[EventRounds "11"]
[EventCountry "USA"]
[SourceTitle "EXT 2023"]
[Source "ChessBase"]
[SourceDate "2022.10.05"]
[SourceVersion "1"]
[SourceVersionDate "2022.10.05"]
[SourceQuality "1"]

1. d4 Nf6 2. c4 g6 3. Nf3 Bg7 4. g3 0-0 5. Bg2 c6 6. Nc3 d5 7. cxd5 cxd5 8. Ne5 Nc6 9. 0-0 Bf5 10. Nxc6 bxc6 11. Bf4 Nd7 12. Rc1 e5 13. dxe5 Nxe5 14. Na4 Rc8 15. Nc5 Qb6 16. Bxe5 Bxe5 17. Nd7 Bxd7 18. b3 Bf5 19. e3 Rfd8 20. Qd2 d4 21. exd4 Bxd4 22. Qg5 c5 23. h4 Qf6 24. Qh6 Bd3 25. h5 Bxf1 26. Rxf1 g5 27. Qxf6 Bxf6 28. Re1 Rd2 29. Bh3 Rcd8 30. h6 Bd4 31. Re7 Rxf2 32. Kh1 Rf6 33. Rxa7 Rxh6 34. Kg2 c4 35. Rc7 c3 36. Bf5 Ra6 37. a4 Rb6 38. Bd3 Be5 39. Bxh7+ Kxh7 40. Rxf7+ Kg6 0-1

[Event "St Petersburg Northwest Cup-B"]
[Site "St Petersburg"]
[Date "2019.12.17"]
[Round "9"]
[White "Chukavin, Kirill"]
[Black "Khlebovich, Alexander"]
[Result "1/2-1/2"]
[WhiteElo "2336"]
[BlackElo "2438"]
[PlyCount "30"]
[EventDate "2019.12.09"]
[EventType "tourn"]
[EventRounds "9"]
[EventCountry "RUS"]
[EventCategory "4"]
[SourceTitle "CBM 193 Extra"]
[Source "ChessBase"]
[SourceDate "2020.01.31"]
[SourceVersion "1"]
[SourceVersionDate "2020.01.31"]
[SourceQuality "1"]

1. e4 c5 2. Nf3 Nc6 3. d4 cxd4 4. Nxd4 e5 5. Ne2 Nf6 6. Nbc3 Bc5 7. Ng3 d6 8. Be2 a6 9. 0-0 h6 10. Nd5 Nxd5 11. exd5 Ne7 12. Rb1 0-0 13. c4 Nf5 14. b4 Nxg3 15. hxg3 Ba7 1/2-1/2

[Event "St Petersburg Northwest Cup-B"]
[Site "St Petersburg"]
[Date "2019.12.13"]
[Round "5"]
[White "Gazik, Igor"]
[Black "Khlebovich, Alexander"]
[Result "0-1"]
[WhiteElo "2256"]
[BlackElo "2438"]
[PlyCount "88"]
[EventDate "2019.12.09"]
[EventType "tourn"]
[EventRounds "9"]
[EventCountry "RUS"]
[EventCategory "4"]
[SourceTitle "CBM 193 Extra"]
[Source "ChessBase"]
[SourceDate "2020.01.31"]
[SourceVersion "1"]
[SourceVersionDate "2020.01.31"]
[SourceQuality "1"]

1. e4 c5 2. Nc3 d6 3. g3 Nc6 4. Bg2 g6 5. d3 Bg7 6. Be3 e5 7. Nge2 Nge7 8. 0-0 0-0 9. Nd5 Nxd5 10. exd5 Ne7 11. Rb1 Bg4 12. b4 cxb4 13. Rxb4 Qd7 14. c4 Nf5 15. Bd2 Bxe2 16. Qxe2 Nd4 17. Qd1 b5 18. Be3 a5 19. Rb2 bxc4 20. Bxd4 exd4 21. dxc4 Rab8 22. Rxb8 Rxb8 23. Qc2 Rb4 24. Re1 Bf6 25. Bf1 Qb7 26. c5 dxc5 27. Qxc5 Qb8 28. d6 Kg7 29. d7 Qb6 30. Qd5 d3 31. Qxd3 Rd4 32. Qb5 Qa7 33. Qc6 Rxd7 34. Bc4 Rc7 35. Qd5 Rc5 36. Qd3 Rf5 37. Re2 Bd4 38. Qc2 h5 39. Kg2 Qb7+ 40. Qe4 Rxf2+ 41. Kh3 Qc8+ 42. g4 hxg4+ 43. Kg3 Rf3+ 44. Kg2 Qxc4 0-1

[Event "St Petersburg Northwest Cup-B"]
[Site "St Petersburg"]
[Date "2019.12.11"]
[Round "3"]
[White "Toivonen, Alexander"]
[Black "Khlebovich, Alexander"]
[Result "0-1"]
[WhiteElo "2324"]
[BlackElo "2438"]
[PlyCount "100"]
[EventDate "2019.12.09"]
[EventType "tourn"]
[EventRounds "9"]
[EventCountry "RUS"]
[EventCategory "4"]
[SourceTitle "CBM 193 Extra"]
[Source "ChessBase"]
[SourceDate "2020.01.31"]
[SourceVersion "1"]
[SourceVersionDate "2020.01.31"]
[SourceQuality "1"]

1. d4 Nf6 2. Nf3 g6 3. Bf4 Bg7 4. e3 0-0 5. h3 c5 6. c3 d6 7. dxc5 dxc5 8. Na3 Nc6 9. Ne5 Nd5 10. Nxc6 bxc6 11. Nc4 Nxf4 12. Qxd8 Nxg2+ 13. Bxg2 Rxd8 14. Na5 Rb8 15. Nxc6 Bb7 16. Nxb8 Bxg2 17. Rg1 Bb7 18. Rg4 Rxb8 19. Rc4 Ba6 20. Ra4 Bd3 21. 0-0-0 c4 22. Rxa7 Kf8 23. a4 Ke8 24. a5 Kd8 25. a6 Be5 26. f4 Bc7 27. Rb7 Ra8 28. b3 Rxa6 29. bxc4 Ra1+ 30. Kd2 Rxd1+ 31. Kxd1 Bxc4 32. Kd2 Kd7 33. Ra7 Kc6 34. Ra8 Be6 35. Rf8 h5 36. h4 Kd5 37. Kd3 Bf5+ 38. Ke2 f6 39. Ra8 Bd6 40. Ra4 e5 41. Ra5+ Ke6 42. Ra6 Bg4+ 43. Kf2 Kd5 44. Kg3 Be2 45. Ra5+ Ke4 46. Kf2 Bc4 47. fxe5 Bxe5 48. Ra7 Bd3 49. c4 Bxc4 50. Rg7 Kf5 0-1

[Event "St Petersburg Northwest Cup-B"]
[Site "St Petersburg"]
[Date "2019.12.10"]
[Round "2"]
[White "Khlebovich, Alexander"]
[Black "Vlasenko, Miroslav"]
[Result "1-0"]
[WhiteElo "2438"]
[BlackElo "2433"]
[PlyCount "93"]
[EventDate "2019.12.09"]
[EventType "tourn"]
[EventRounds "9"]
[EventCountry "RUS"]
[EventCategory "4"]
[SourceTitle "CBM 193 Extra"]
[Source "ChessBase"]
[SourceDate "2020.01.31"]
[SourceVersion "1"]
[SourceVersionDate "2020.01.31"]
[SourceQuality "1"]

1. d4 f5 2. g3 Nf6 3. Bg2 g6 4. c4 Bg7 5. Nc3 d6 6. Nh3 0-0 7. d5 c6 8. Nf4 e5 9. dxe6 Na6 10. h4 Nc5 11. h5 g5 12. h6 Bh8 13. Nh3 g4 14. Nf4 Qe7 15. Be3 Bxe6 16. Bxc5 dxc5 17. Qd3 Rae8 18. 0-0-0 Bc8 19. Qd6 Nd7 20. Qxe7 Rxe7 21. Na4 Nb6 22. Nxb6 axb6 23. e3 Bd7 24. Bf1 Be5 25. Bd3 Be8 26. a4 Rf6 27. b3 Rd7 28. Bc2 Kf8 29. Rxd7 Bxd7 30. Rh5 Bd6 31. Ng2 Kf7 32. Nh4 Bf8 33. Bxf5 Bxf5 34. Rxf5 Ke6 35. Rxf6+ Kxf6 36. Kd2 Bxh6 37. Kd3 Ke5 38. e4 Bc1 39. f4+ gxf3 40. Nxf3+ Kf6 41. e5+ Ke6 42. Ke4 h5 43. Nh4 Kf7 44. Kf5 Be3 45. e6+ Ke7 46. Ng6+ Ke8 47. Nf4 1-0

[Event "Chigorin Memorial 27th"]
[Site "St Petersburg"]
[Date "2019.10.11"]
[Round "7"]
[White "Rozum, Ivan"]
[Black "Khlebovich, Alexander"]
[Result "1/2-1/2"]
[WhiteElo "2596"]
[BlackElo "2398"]
[PlyCount "76"]
[EventDate "2019.10.05"]
[EventType "swiss"]
[EventRounds "9"]
[EventCountry "RUS"]
[SourceTitle "EXT 2020"]
[Source "ChessBase"]
[SourceDate "2019.10.17"]
[SourceVersion "1"]
[SourceVersionDate "2019.10.17"]
[SourceQuality "1"]

1. c4 c5 2. Nf3 Nc6 3. d4 cxd4 4. Nxd4 Nf6 5. Nc3 e6 6. a3 Bc5 7. Nb3 Bb6 8. c5 Bc7 9. g3 0-0 10. Bg2 b6 11. 0-0 Rb8 12. Nb5 bxc5 13. Nxc7 Qxc7 14. Nxc5 d6 15. Nd3 Na5 16. b4 Nc4 17. Bg5 Qe7 18. Qc1 Ba6 19. a4 d5 20. Qf4 h6 21. Bxf6 Qxf6 22. Qxf6 gxf6 23. Rfc1 Rfc8 24. Nc5 Rxb4 25. Nxa6 Rb6 26. e4 Rxa6 27. exd5 Ra5 28. Rd1 Nb6 29. dxe6 fxe6 30. Rd6 Kf7 31. Bh3 Re8 32. Rc1 Re7 33. Rcc6 f5 34. Bf1 Rxa4 35. Be2 Ra5 36. Bf3 Ra4 37. Be2 Ra5 38. Bf3 Ra4 1/2-1/2

[Event "Chigorin Memorial 27th"]
[Site "St Petersburg"]
[Date "2019.10.10"]
[Round "6"]
[White "Khlebovich, Alexander"]
[Black "Moroni, Luca Jr"]
[Result "1-0"]
[WhiteElo "2398"]
[BlackElo "2553"]
[PlyCount "67"]
[EventDate "2019.10.05"]
[EventType "swiss"]
[EventRounds "9"]
[EventCountry "RUS"]
[SourceTitle "EXT 2020"]
[Source "ChessBase"]
[SourceDate "2019.10.17"]
[SourceVersion "1"]
[SourceVersionDate "2019.10.17"]
[SourceQuality "1"]

1. d4 Nf6 2. Nf3 e6 3. c4 b6 4. g3 Bb7 5. Bg2 Be7 6. 0-0 0-0 7. Nc3 Na6 8. b3 d5 9. Ne5 c5 10. Bb2 Qb8 11. cxd5 exd5 12. e3 Nc7 13. Re1 Ne6 14. Ne2 Re8 15. Rc1 Bd6 16. Nd3 c4 17. bxc4 dxc4 18. Rxc4 Bxg2 19. Kxg2 Qb7+ 20. f3 Ng4 21. Ng1 Nf4+ 22. exf4 Ne3+ 23. Rxe3 Rxe3 24. Ne5 Qa6 25. Rc2 Bxe5 26. fxe5 Rd8 27. Qc1 Rd3 28. Nh3 Qxa2 29. Nf2 Rb3 30. Rc8 Rf8 31. Rxf8+ Kxf8 32. Qc8+ Ke7 33. d5 Rxb2 34. d6# 1-0

[Event "Chigorin Memorial 27th"]
[Site "St Petersburg"]
[Date "2019.10.07"]
[Round "3"]
[White "Petrosyan, Manuel"]
[Black "Khlebovich, Alexander"]
[Result "1/2-1/2"]
[WhiteElo "2613"]
[BlackElo "2398"]
[PlyCount "58"]
[EventDate "2019.10.05"]
[EventType "swiss"]
[EventRounds "9"]
[EventCountry "RUS"]
[SourceTitle "EXT 2020"]
[Source "ChessBase"]
[SourceDate "2019.10.17"]
[SourceVersion "1"]
[SourceVersionDate "2019.10.17"]
[SourceQuality "1"]

1. d4 Nf6 2. c4 g6 3. Nc3 d5 4. Nf3 Bg7 5. cxd5 Nxd5 6. e4 Nxc3 7. bxc3 c5 8. Be3 Qa5 9. Qd2 0-0 10. Rc1 Rd8 11. Be2 Nc6 12. d5 e6 13. 0-0 exd5 14. exd5 Bg4 15. Rfd1 Bxf3 16. Bxf3 Ne5 17. c4 Nxf3+ 18. gxf3 Qc7 19. Bf4 Qd7 20. Kg2 b5 21. Be3 Rac8 22. Qa5 bxc4 23. Rxc4 Bd4 24. Bxd4 Qxd5 25. Rc3 Qg5+ 26. Kf1 Qf5 27. Kg2 Qg5+ 28. Kf1 Qf5 29. Kg2 Qg5+ 1/2-1/2

[Event "St Petersburg rapid"]
[Site "St Petersburg"]
[Date "2019.08.25"]
[Round "7"]
[White "Khlebovich, Alexander"]
[Black "Sychev, Klementy"]
[Result "1-0"]
[WhiteElo "2394"]
[BlackElo "2579"]
[PlyCount "109"]
[EventDate "2019.08.24"]
[EventType "swiss (rapid)"]
[EventRounds "11"]
[EventCountry "RUS"]
[SourceTitle "EXT 2020"]
[Source "ChessBase"]
[SourceDate "2019.10.17"]
[SourceVersion "1"]
[SourceVersionDate "2019.10.17"]
[SourceQuality "1"]

1. d4 Nf6 2. c4 g6 3. Nf3 Bg7 4. g3 b6 5. Bg2 Bb7 6. 0-0 0-0 7. Nc3 Ne4 8. Qc2 Nxc3 9. Qxc3 c5 10. Be3 d6 11. Qd2 Nd7 12. Bh6 Nf6 13. Bxg7 Kxg7 14. Rfd1 Be4 15. Rac1 Rc8 16. Bh3 Rb8 17. Qe3 Qc7 18. b3 Bxf3 19. exf3 e5 20. d5 b5 21. b4 cxb4 22. c5 Rfe8 23. cxd6 Qxd6 24. Rc6 Qd8 25. d6 h6 26. d7 Re7 27. Rc8 Rxc8 28. dxc8Q Qxd1+ 29. Bf1 a5 30. Qec5 Re8 31. Qb7 e4 32. Qcc7 Rf8 33. fxe4 Qd4 34. Qf4 g5 35. Qe3 Qb2 36. Qxb5 Qxa2 37. e5 Ng8 38. Qa7 b3 39. Qaxa5 Rb8 40. Qxa2 bxa2 41. Qa5 Rb2 42. Kg2 Ne7 43. Bc4 Nf5 44. Bxa2 Ne3+ 45. Kf3 Nc2 46. e6 Nd4+ 47. Ke3 Nc2+ 48. Ke4 f5+ 49. Kxf5 Rb5+ 50. Qxb5 Nd4+ 51. Ke5 Nxb5 52. e7 Nc7 53. Kd6 Ne8+ 54. Kd7 Nf6+ 55. Kd8 1-0

[Event "St Petersburg  North-West Cup-B"]
[Site "St Petersburg"]
[Date "2018.12.05"]
[Round "3"]
[White "Jezov, Roman"]
[Black "Khlebovich, Alexander"]
[Result "0-1"]
[WhiteElo "2273"]
[BlackElo "2370"]
[PlyCount "78"]
[EventDate "2018.12.03"]
[EventType "tourn"]
[EventRounds "9"]
[EventCountry "RUS"]
[EventCategory "3"]
[SourceTitle "CBM 187 Extra"]
[Source "ChessBase"]
[SourceDate "2018.11.04"]
[SourceVersion "1"]
[SourceVersionDate "2018.11.04"]
[SourceQuality "1"]

1. e4 c5 2. Nf3 d6 3. d4 cxd4 4. Nxd4 Nf6 5. Nc3 a6 6. h3 e6 7. g4 d5 8. exd5 Nxd5 9. Ne4 b5 10. Bg2 Bb7 11. 0-0 Be7 12. c3 0-0 13. a4 Nc6 14. axb5 Nxd4 15. Qxd4 axb5 16. Rxa8 Qxa8 17. f4 Rd8 18. Qf2 Nb4 19. Qf3 Nd3 20. Nf6+ Bxf6 21. Qxb7 Qxb7 22. Bxb7 b4 23. cxb4 Nxb4 24. Be4 Na2 25. Be3 Bxb2 26. Rf2 Nc3 27. Bxh7+ Kxh7 28. Rxb2 Rd3 29. Bf2 Nd5 30. Rb7 Nxf4 31. Rxf7 Nxh3+ 32. Kg2 Kg8 33. Ra7 Nf4+ 34. Kh1 e5 35. Ra5 e4 36. Rf5 Rh3+ 37. Kg1 Rf3 38. Bh4 e3 39. Re5 Ng6 0-1

[Event "Chigorin Memorial 25th"]
[Site "St Petersburg"]
[Date "2017.10.29"]
[Round "9"]
[White "Khlebovich, Alexander"]
[Black "Palchun, Grigory"]
[Result "0-1"]
[WhiteElo "2326"]
[BlackElo "2441"]
[PlyCount "76"]
[EventDate "2017.10.21"]
[EventType "swiss"]
[EventRounds "9"]
[EventCountry "RUS"]
[SourceTitle "CBM 181 Extra"]
[Source "ChessBase"]
[SourceDate "2017.12.12"]
[SourceVersion "1"]
[SourceVersionDate "2017.12.12"]
[SourceQuality "1"]

1. d4 Nf6 2. Nf3 e6 3. g3 b6 4. Bg2 Bb7 5. c4 d5 6. 0-0 Be7 7. Ne5 Nfd7 8. Bf4 Nxe5 9. Bxe5 0-0 10. Nc3 c6 11. cxd5 cxd5 12. Rc1 Nc6 13. Bf4 Qd7 14. e4 dxe4 15. d5 exd5 16. Qxd5 Qxd5 17. Nxd5 Bc5 18. Bxe4 Rae8 19. Bg2 Nd4 20. Rxc5 bxc5 21. Bd6 Bxd5 22. Bxd5 Rd8 23. Bxf8 Rxd5 24. Be7 a5 25. a3 a4 26. Kh1 Nb3 27. Re1 f6 28. Kg2 Kf7 29. Re4 Rd7 30. Bxf6 Kxf6 31. Rxa4 Rd2 32. Ra6+ Ke5 33. Ra7 Rxb2 34. Rxg7 c4 35. Rc7 Kd4 36. Rd7+ Ke4 37. Re7+ Kd3 38. Rxh7 c3 0-1